000 00400cam a2200157 a 4500
020 _a0767404947
040 _cDLC
082 0 0 _a792 MAY 2000 A087 Or.
100 1 _aCohen, Robert,
245 1 0 _aTheatre :
_bbrief version /
250 _a5th ed
260 _aMountain View, CA :
_bMayfield Pub.,
_cc2000
300 _a1 v. (various pagings) :
_bcol. ill. ;
_c23 cm
650 0 _aTheater
942 _cEK
999 _c16784
_d16784